| 000 | 00664nam a2200181 a 4500 | ||
|---|---|---|---|
| 003 | 0 | ||
| 005 | 20250507103722.0 | ||
| 008 | 050808s19uu xx 00 eng d | ||
| 050 |
_aPHS PN 4833 _b.Qu43 2005 |
||
| 100 | _aQueaño, Maria Paula C. | ||
| 245 |
_aThe effects of teen magazines on the lifestyle of female teenagers / _cMaria Paula C. Queaño. |
||
| 260 |
_aLas Piñas City, Philippines : _bSouthville International School and Colleges, _c2005. |
||
| 300 |
_a27 pages : _billustrations ; _c28 cm. |
||
| 504 | _aIncludes bibliographical references. | ||
| 650 |
_aTeenage girls _xEffect of mass media. |
||
| 650 |
_aMagazines _xInfluence. |
||
| 942 |
_2lcc _cPASS |
||
| 999 |
_c97291 _d97291 |
||